| 000 | 005770000a22001810004500 | ||
|---|---|---|---|
| 003 | MACL | ||
| 005 | 20160603142836.0 | ||
| 008 | 160603b xxu||||| |||| 00| 0 eng d | ||
| 040 |
_aMACL _cMACL |
||
| 041 | _aHindi | ||
| 082 | _a900 | ||
| 100 |
_aगुप्त, शिवकुमार _960891 |
||
| 245 |
_aप्राचीन भारत का इतिहास _cशिवकुमार गुप्त |
||
| 260 |
_bपंचशील प्रकाशन _c1999 _aजयपुर |
||
| 350 | _a400 | ||
| 650 |
_aHistory _962110 |
||
| 942 |
_cHIN _k900 _2ddc |
||
| 999 |
_c9896 _d9896 |
||